000 00617ntm a2200181 i 4500
001 172243
003 ES-MaACL
005 20230906214841.0
008 090619q18871900sp |||| | spa d
245 0 0 _aProyecto de Reglamento Orgánico del Cuerpo de Ingenieros de Minas [
_hManuscrito].
260 _cS.XIX.
300 _a79 h. ;
_c33 x 24 cm.
500 _aTexto con correcciones.
596 _aPosterior a 1886.
610 1 4 _aCuerpo de Ingenieros de Minas-
_vReglamentos.
_9157285
710 2 _aCuerpo de Ingenieros de Minas.
_9140786
852 _aES-MaACL
_jC-2192
_z.- Legado de Federico de Botella y de Hornos
999 _c172243
_d172243